| 000 | 00812nam a2200169 a 4500 | ||
|---|---|---|---|
| 008 | 110523s1975 ||||||||||||||||| || u | ||
| 050 | _aCOMM (02) | ||
| 110 | _aCommonwealth regional centre for advanced studies in youth work | ||
| 245 | 1 | 0 | _aMagazine of the Africa centre, no 1,1975 |
| 260 |
_aLusaka: _bCommonwealth regional centre for advanced studies in youth work _c1975 |
||
| 300 | _a72p. | ||
| 350 | _a0.00 | ||
| 650 | _aYOUTH | ||
| 650 | _aYOUTH--SOCIAL ASPECTS | ||
| 995 |
_aSPECIAL COLLECTIONS _D0.00 _e03007892 _FCBU-MAIN LIBRARY (Kitwe) _H1 _I0.00 _jCOMM (02)1975/1A _M1 _UAVAILABLE _WMay 23, 2011 _yZ03007892 _ZInternational Publications |
||
| 995 |
_aSPECIAL COLLECTIONS _D0.00 _e03007893 _FCBU-MAIN LIBRARY (Kitwe) _H1 _I0.00 _jCOMM (02)1975/1B _M2 _UAVAILABLE _WMay 23, 2011 _yZ03007893 _ZInternational Publications |
||
| 999 |
_c82318 _d82318 |
||